000 00669nam a2200121Ia 4500
008 220621s9999||||xx |||||||||||||| ||und||
100 _aWessels, Wolfgang||Mittag, Jürgen||Maurer, Andreas
245 0 _aFifteen into one?: The European Union and its member states
546 _aEnglish[eng]
650 _agovernment||politics||maastricht||europe||Brussels||Member state of the European Union
856 _uhttps://library.oapen.org/bitstream/20.500.12657/35054/1/Fifteen%20into%20one.pdf||https://library.oapen.org/bitstream/20.500.12657/35054/1/Fifteen%20into%20one.pdf||https://library.oapen.org/bitstream/20.500.12657/35054/1/Fifteen%20into%20one.pdf
942 _cEB
999 _c37015
_d37015